Datos para un ensayo sobre educación sexual

Enregistré dans:
Détails bibliographiques
Auteur principal: Clares Pérez, Ramón (Auteur)
Format: Livre
Langue:espagnol
Publié: Santiago Cultura 1935
Sujets:
Tags: Ajouter un tag
Pas de tags, Soyez le premier à ajouter un tag!

MARC

LEADER 00000nam a2200000 a 4500
001 UCU0413
003 CL-VaPUC
008 960322e19350000CL |||||||||||||||||spa|d
082 0 4 |a 612.6  |b CLA  |2 21 
100 0 |a Clares Pérez, Ramón  |e author  |9 355545 
245 1 0 |a Datos para un ensayo sobre educación sexual 
300 |a 72 p 
942 |c BK 
945 |d 19960322 00:00:00  |a cmena 
260 |a Santiago  |b Cultura  |c 1935 
650 0 |a Educación sexual  |9 308005 
650 0 |a Planificación de la educación   |9 307333 
583 |a last modification  |c 19960322 00:00:00  |k Rodrigo Vera 
999 |c 245269  |d 245267 
952 |0 0  |1 0  |4 0  |6 612_600000000000000_CLA_1935  |7 0  |8 P  |9 259729  |a BIBEDU  |b BIBEDU  |c BIBEDU_PB  |d 2019-11-19  |i 163366K  |o 612.6 CLA 1935  |p 163366K  |r 2024-01-25  |w 2019-11-19  |y BK  |k EDU